| 000 | 00504nam a22001697a 4500 | ||
|---|---|---|---|
| 008 | 230612b |||||||| |||| 00| 0 eng d | ||
| 020 | _a81-8584-58-4 | ||
| 040 |
_aNational Science Library _cNational Science Library |
||
| 080 |
_aR 912.43(540) _bM9 |
||
| 100 | _aGole, Susan | ||
| 245 |
_aIndian maps and plans : _bFrom earliest times to the advent of European survey |
||
| 260 |
_aNew Delhi: _bManohar, _c1989 |
||
| 300 | _a206p. | ||
| 650 | _aGeography | ||
| 653 | _aMaps | ||
| 942 |
_2udc _cREF |
||
| 999 |
_c42503 _d42503 |
||